Audit rozdelenia zisku akcionárom na dividendy

Stanovy akciovej spoločnosti musia obsahovať spôsob rozdelenia zisku akcionárom. Audit rozdelenia zisku akcionárom na dividendy.

Enregistré dans:
Détails bibliographiques
Auteur principal: Škultéty, Jozef
Format: Chapitre de livre
Langue:slovaque
Sujets:
Tags: Ajouter un tag
Pas de tags, Soyez le premier à ajouter un tag!

MARC

LEADER 00000naa a2200000 4500
001 r048142
005 20230720081512.4
041 0 |a slo 
044 |a SK 
245 1 0 |a Audit rozdelenia zisku akcionárom na dividendy  |c Jozef Škultéty 
520 |a Stanovy akciovej spoločnosti musia obsahovať spôsob rozdelenia zisku akcionárom. Audit rozdelenia zisku akcionárom na dividendy. 
610 2 0 |a spoločnosti akciové 
610 2 0 |a audit 
610 2 0 |a rozdeľovanie zisku 
610 2 0 |a dividendy 
610 2 0 |a akcionári 
610 2 0 |a stanovy 
610 2 0 |a zákonník obchodný 
100 1 |a Škultéty, Jozef